|
|
|
|
| LEADER |
01267nam a2200253 u 4500 |
| 001 |
10012304 |
| 003 |
GR-PaULI |
| 005 |
20210117210916.0 |
| 008 |
881025s2000 gr 1 gre |
| 952 |
|
|
|0 0
|1 0
|2 ddc
|4 0
|6 937_800000000000000_ΕΛΛ
|7 0
|9 232596
|a LISP
|b LISP
|c BSC
|d 2019-06-03
|i 140933
|l 0
|o 937.8 ΕΛΛ
|p 025000262902
|r 2019-06-03 00:00:00
|t 1
|v 2019.00
|w 2019-06-03
|y BK15
|
| 999 |
|
|
|c 141248
|d 141248
|
| 020 |
|
|
|a 9607430379
|
| 040 |
|
|
|a GR-PaULI
|c GR-PaULI
|b gre
|e AACR2
|
| 041 |
|
|
|a gre
|a ita
|
| 082 |
0 |
4 |
|a 937.8
|2 23
|
| 245 |
0 |
0 |
|a Ελληνική παρουσία στην κάτω Ιταλία και Σικελία :
|b πρακτικά διεθνούς συμποσίου Κέρκυρα, 29-31 Οκτωβρίου 1998 /
|c επιμέλεια Θεόδωρος Γ. Παππάς.
|
| 260 |
|
|
|a Κέρκυρα :
|b Απόστροφος,
|c 2000.
|
| 300 |
|
|
|a 335 σ. :
|b εικ., χάρτες ;
|c 24 εκ.
|
| 505 |
1 |
|
|a
|
| 651 |
|
4 |
|9 175915
|a Ιταλία, Νότια
|x Εθνοτικές σχέσεις
|x Ιστορία.
|
| 651 |
|
4 |
|9 175916
|a Σικελία (Ιταλία)
|x Εθνοτικές σχέσεις
|x Ιστορία.
|
| 700 |
1 |
|
|a Παππάς, Θεόδωρος Γ.,
|d 1956-
|e επιμελητής.
|9 48883
|
| 942 |
|
|
|2 ddc
|c BK15
|
| 998 |
|
|
|c ΜΠΟΥΡΑΣ
|d 2019-05
|